Barriers to developing mixed use development (Record no. 110000)

MARC details
000 -LEADER
fixed length control field 01450cad a22002775a 4500
001 - CONTROL NUMBER
control field E148322
008 - FIXED-LENGTH DATA ELEMENTS--GENERAL INFORMATION
fixed length control field 090904s2009 xxk f s000 0 eng d
020 ## - INTERNATIONAL STANDARD BOOK NUMBER
International Standard Book Number 9780755976089
035 ## - SYSTEM CONTROL NUMBER
System control number (Sirsi) u148322
041 0# - LANGUAGE CODE
Language code of text/sound track or separate title eng
050 04 - LIBRARY OF CONGRESS CALL NUMBER
Classification number 711.1 $2 18
110 2# - MAIN ENTRY--CORPORATE NAME
Corporate name or jurisdiction name as entry element Douglas Wheeler Associates
9 (RLIN) 5787
245 00 - TITLE STATEMENT
Title Barriers to developing mixed use development
Medium [electronic resource]
260 ## - PUBLICATION, DISTRIBUTION, ETC.
Place of publication, distribution, etc. Edinburgh
Name of publisher, distributor, etc. Scottish Government Social Research
Date of publication, distribution, etc. 2009
505 2# - FORMATTED CONTENTS NOTE
Formatted contents note Executive summary -- Introduction -- Delivering mixed use development, context -- Definition, planning and place-making barriers -- Deal structure and funding barriers -- Ownership and management of mixed use communities -- Case studies -- Synthesis of findings -- Conclusions and recommendations -- Appendices
520 ## - SUMMARY, ETC.
Summary, etc. Discusses the perception that most local plan allocations and planning applications are for single use, looks at the reasons for mixed use development taking place or not, and examines the barriers to and enabling factors of mixed use development.
521 ## - TARGET AUDIENCE NOTE
Target audience note Advanced
590 ## - LOCAL NOTE (RLIN)
Local note KA
651 #4 - SUBJECT ADDED ENTRY--GEOGRAPHIC NAME
Geographic name Scotland
Chronological subdivision 1999-
690 ## - LOCAL SUBJECT ADDED ENTRY--TOPICAL TERM (OCLC, RLIN)
Topical term or geographic name as entry element Planning and development
9 (RLIN) 6259
710 1# - ADDED ENTRY--CORPORATE NAME
Corporate name or jurisdiction name as entry element Ann Flint Associates
710 1# - ADDED ENTRY--CORPORATE NAME
Corporate name or jurisdiction name as entry element Austin-Smith Lord
710 1# - ADDED ENTRY--CORPORATE NAME
Corporate name or jurisdiction name as entry element Edinburgh College of Art
Subordinate unit School of Architecture
9 (RLIN) 5588
856 40 - ELECTRONIC LOCATION AND ACCESS
Uniform Resource Identifier <a href="https://www.scotland.gov.uk/Publications/2009/09/03094938/0">https://www.scotland.gov.uk/Publications/2009/09/03094938/0</a>
Public note View the report free of charge at www.scotland.gov.uk...
942 ## - ADDED ENTRY ELEMENTS (KOHA)
Suppress in OPAC 0
Holdings
Withdrawn status Lost status Source of classification or shelving scheme Damaged status Not for loan Home library Current library Shelving location Date acquired Total Checkouts Full call number Barcode Date last seen Copy number Price effective from Koha item type
    Dewey Decimal Classification     Virtual Virtual Online 04/09/2009   ONLINE PUBLICATION 148322-2001 06/08/2019 1 06/08/2019 Book